000 00487nam a22001817a 4500
003 OSt
005 20180116183006.0
008 150806b xxu||||| |||| 00| 0 eng d
020 _a9781259098352
040 _c0
082 _210th
_a658.151 HIG 2012
100 _aRobert C. Higgins
245 _aAnalysis for Financial Management
_cRobert C. Higgins
260 _aIndia
_bMcGraw Hill
_c2012
300 _a459 p.
_bPB
440 _aAnalysis for Financial Management
942 _2ddc
_cBK
999 _c350053
_d350053